|
|
|
|
| LEADER |
00000nab a2200000 ar4500 |
| 001 |
vtls008418001 |
| 003 |
SK-MaSNL |
| 005 |
20260303070037.0 |
| 008 |
051212c2005 xo wr|p|||||||000 b|slo |
| 015 |
|
|
|a SNBRB2005/12
|2 snkbucl
|
| 038 |
|
|
|a SNKBUCL
|
| 040 |
|
|
|a SNKBUCL
|b slo
|c SNKBUCL
|e AACR2
|
| 041 |
0 |
|
|a slo
|
| 044 |
|
|
|a xo
|c SK
|
| 080 |
|
|
|a 629.331-051
|2 1981
|
| 080 |
|
|
|a 929 Ford, Henry
|2 1981
|
| 100 |
1 |
|
|a Florin, Tino
|4 aut
|9 1058198
|
| 245 |
1 |
0 |
|a Automobilový revolucionár
|c Tino Florin
|
| 300 |
|
|
|b Fotogr.
|
| 600 |
1 |
7 |
|a Ford, Henry,
|d 1863-1947
|2 snkbucl
|9 180891
|
| 773 |
0 |
|
|t Live
|g Roč. II., č. 37 (2005), s. 22-25
|x 1336-4650
|
| 852 |
|
|
|a SNK
|b KIS3GCP
|
| 958 |
|
|
|a BC
|
| 958 |
|
|
|a US
|
| 999 |
|
|
|c 1753676
|d 1755606
|